Statistické metody v managementu kvality, environmentu a bezpečnosti
Salvato in:
| Autore principale: | |
|---|---|
| Ente Autore: | |
| Altri autori: | |
| Natura: | Libro |
| Lingua: | ceco |
| Pubblicazione: |
Praha
Oeconomica, Nakladatelství VŠE
2004
|
| Edizione: | 3. vyd. |
| Soggetti: | |
| Tags: |
Nessun Tag, puoi essere il primo ad aggiungerne!!
|
MARC
| LEADER | 00000nam$a2200000$$$4500 | ||
|---|---|---|---|
| 001 | 0041225 | ||
| 005 | 20240223112252.3 | ||
| 020 | |a 80-245-0691-2 | ||
| 041 | 0 | |a cze | |
| 044 | |a CZ | ||
| 245 | 1 | 0 | |a Statistické metody v managementu kvality, environmentu a bezpečnosti |c Marie Hůlová, Eva Jarošová |
| 250 | |a 3. vyd. | ||
| 264 | 1 | |a Praha |b Oeconomica, Nakladatelství VŠE |c 2004 | |
| 300 | |a 119 s. | ||
| 610 | 2 | 0 | |a metódy štatistické |
| 610 | 2 | 0 | |a regulácia |
| 610 | 2 | 0 | |a riadenie kvality |
| 610 | 2 | 0 | |a analýza štatistická |
| 610 | 2 | 0 | |a experimenty |
| 610 | 2 | 0 | |a ukazovatele štatistické |
| 100 | 1 | |a Hůlová, Marie | |
| 700 | 1 | |a Jarošová, Eva | |
| 710 | 2 | |a Vysoká škola ekonomická v Praze. Podnikohospodářská fakulta | |